000 01624nam a22003137a 4500
003 OSt
005 20250120125838.0
007 ta
008 210201e2020 dr ||||gr|||| 001 0 spa d
020 _a9789945425543
020 _a9789945425536 (versión digital)
040 _aDO-SdBNP
_bspa
_cBNPHU
041 _hspa
082 _aBNPHU-xxx
_bV985i
100 _aVásquez Correa, Domingo Rafael.
_977720
245 1 0 _aInterpretación constitucional /
_cHermógenes Acosta de los Santos , Domingo Gil.
260 _aSanto Domingo :
_bEscuela Nacional de la Judicatura ,
_c2020
300 _a185 pg. ;
_c22 cm.
500 _aIncluye notas al pié de página.
504 _aIncluye bibliografía, pg. 183-185.
505 1 _aPresentación.
505 1 _aPrólogo.
505 1 _aPrimera parte : los principios de la interpretación constitucional.
_tCapítulo 1 : principio de interpretación constitucional. Capítulo 2 : Estudio de los principios de interpretación constitucional. Capítulo 3 :Análisis particular de los principio se interpretación constitucional. Capítulo 4 : la interpretación de la constitución. Capítulo 5 : los métodos de interpretación.
505 1 _aTercera parte : límites de la interpretación constitucional.
_tCapítulo 6 : la necesidad del establecimiento de límites a la interpretación constitucional. Capítulo 7 : los controles sobre la labor del intérprete constitucional.
700 1 2 _aAcosta de los Santos, Hermógenes
_949375
700 1 2 _aAcosta de los Santos, Hermógenes
_949375
700 1 2 _aGil, Domingo A.
_q(Domingo Antonio),
_d1953-
_916473
942 _2ddc
_cLBS1
999 _c49348
_d49348